Catalog

Record Details

Catalog Search



The Muppet movie: the original classic  Cover Image DVD DVD

The Muppet movie: the original classic / produced by Jim Henson ; written by Jack Burns, Jerry Juhl ; directed by James Frawley.

Summary:

Kermit and friends are on their way to Hollywood where Kermit is to star in a new movie, but on their way they run into a man who persues Kermit for his deep-fried frogs legs commercials.

Record details

  • Physical Description: 1 videodisc (95 minutes) : sound, color ; 4 3/4 inches.
  • Edition: Nearly 35th anniversary edition, high definition.
  • Publisher: Burbank, Calif. : Walt Disney Studios Home Entertainment, ©2013

Content descriptions

General Note:
Originally released as a motion picture in 1979.
DTS-HD Master Audio 5.1, wide screen 1.85:1.
Features: Disney intermission Frog-e-oke sing-along; Jim Frawley's extended camera test; Doc Hopper's extended camera test commercial; original theatrical trailers; outtake Easter eggs; Pepe profiles Kermit : a frog's life.
Participant or Performer Note:
Voices: Jim Henson, Frank Oz, Jerry Nelson, Richard Hunt, Dave Goelz.
Target Audience Note:
MPAA rating: G.
Terms Governing Use and Reproduction Note:
For private home use only.
Language Note:
In English with optional French or Spanish subtitles.
Closed-captioned.
Subject: Kermit the Frog (Fictitious character) > Drama.
Muppets (Fictitious characters) > Drama.
DVD recording, Juvenile.
Genre: Drama.
Musical films.
Comedy films.
Puppet films.
Feature films.
Fiction films.
Video recordings for the hearing impaired.

Available copies

  • 1 of 1 copy available at scottsboropl.

Holds

  • 0 current holds with 1 total copy.
Show Only Available Copies
Location Call Number / Copy Notes Barcode Shelving Location Status Due Date
scottsboropl J DVD Mup 32269000991490 Juvenile - DVD Available -

LDR 02279cgm a2200469Mi 4500
001141767
003SBPL
00520180625074701.0
007vd cvaizu
008130709s2013 cau095 g vleng d
010 . ‡abe2013031891
0241 . ‡a786936836554
0247 . ‡a00786936836554 ‡2gtin-14
02842. ‡a117330 ‡bWalt Disney Studios Home Entertainment
035 . ‡a(CONS)141767
035 . ‡a(CPomAG)LMN595669
05014. ‡aPN1995.9.C55 ‡bM87 2013
08204. ‡a791.43/72 ‡223
24504. ‡aThe Muppet movie: the original classic / ‡cproduced by Jim Henson ; written by Jack Burns, Jerry Juhl ; directed by James Frawley.
250 . ‡aNearly 35th anniversary edition, high definition.
264 1. ‡aBurbank, Calif. : ‡bWalt Disney Studios Home Entertainment, ‡c©2013
300 . ‡a1 videodisc (95 minutes) : ‡bsound, color ; ‡c4 3/4 inches.
336 . ‡atwo-dimensional moving image ‡2rdacontent
337 . ‡avideo ‡2rdamedia
338 . ‡avideodisc ‡2rdacarrier
344 . ‡adigital ‡boptical ‡gsurround ‡hDTS-HD Master Audio 5.1 ‡2rda
346 . ‡alaser optical ‡bHDTV ‡2rda
347 . ‡avideo file ‡bBlu-ray ‡eregion A ‡2rda
500 . ‡aOriginally released as a motion picture in 1979.
500 . ‡aDTS-HD Master Audio 5.1, wide screen 1.85:1.
500 . ‡aFeatures: Disney intermission Frog-e-oke sing-along; Jim Frawley's extended camera test; Doc Hopper's extended camera test commercial; original theatrical trailers; outtake Easter eggs; Pepe profiles Kermit : a frog's life.
5110 . ‡aVoices: Jim Henson, Frank Oz, Jerry Nelson, Richard Hunt, Dave Goelz.
520 . ‡aKermit and friends are on their way to Hollywood where Kermit is to star in a new movie, but on their way they run into a man who persues Kermit for his deep-fried frogs legs commercials.
5218 . ‡aMPAA rating: G.
540 . ‡aFor private home use only.
546 . ‡aIn English with optional French or Spanish subtitles.
546 . ‡aClosed-captioned.
650 0. ‡aKermit the Frog (Fictitious character) ‡vDrama.
650 0. ‡aMuppets (Fictitious characters) ‡vDrama.
650 0. ‡aDVD recording, Juvenile.
655 7. ‡aDrama.
655 7. ‡aMusical films. ‡2lcgft
655 7. ‡aComedy films. ‡2lcgft
655 7. ‡aPuppet films. ‡2lcgft
655 7. ‡aFeature films. ‡2lcgft
655 7. ‡aFiction films. ‡2lcgft
655 7. ‡aVideo recordings for the hearing impaired. ‡2lcgft
901 . ‡a141767 ‡bUnknown ‡c141767 ‡tbiblio

Additional Resources